Представление документа в формате RUSMARC

ПолеНазваниеЗначение
  Тип записи a
  Библиографический уровень m
001 Контрольный номер e02b7e0a32414158b24ac9aec4006232
005 Дата корректировки 20210315122450.8
101 Язык документа 0_
a Язык текста rus
102 Страна публикации __
a Страна публикации RU
200 Заглавие и сведения об ответственности 1_
a Заглавие Отчет о выполнении научно-исследовательской работы "Разработка научно-обоснованных предложений по оценке состояния экономической безопасности предприятия"
b Общее обозначение материала Текст
f Первые сведения об ответственности АНОО ВО БУКЭП
210 Выходные данные 1_
a Место издания Белгород
c Издательство АНОО ВО БУКЭП
d Дата издания 2021
215 Физическое описание __
a Объем 95 с.
300 Общие примечания __
a Общие примечания Список исполнителей: с. 2
320 Библиография __
a Библиография Список источников: с. 87-93
610 Ключевые слова 0_
a Ключевые слова отчет
a Ключевые слова научно-исследовательская работа
a Ключевые слова экономическая безопасность
a Ключевые слова предприятия
610 Ключевые слова 0_
a Ключевые слова Белгородский университет кооперации
610 Ключевые слова 0_
a Ключевые слова НИР
686 Индексы других классификаций __
a Классификационный индекс 65.9(2)29
711 Наименование организации. (Альтернативная ответственность) 02
a Организация/ юрисдикция АНОО ВО БУКЭП
801 Источник записи _0
a Страна RU
b Организация РУК
c Дата составления 20210315
g Правила каталогизации PSBO
801 Источник записи _1
a Страна RU
b Организация РУК
g Правила каталогизации PSBO
852 Данные о местонахождении __
i Авторский знак О-80
j Шифр хранения 65.9(2)29
901 Тип документа __
t Тип документа m
937 Технологическая информация __
a Создатель записи (имя) Мясникова
938 Служебная информация __
a Название организации Головной вуз